| 000 | 00448nam a22001817a 4500 | ||
|---|---|---|---|
| 003 | NUST - PNEC | ||
| 005 | 20170116180918.0 | ||
| 008 | 150904b xxu||||| |||| 00| 0 eng d | ||
| 020 | _a9971511673 | ||
| 040 | _cLIBRARY | ||
| 082 | _a620.72 GAB | ||
| 100 |
_97483 _a Gabel, Robert A |
||
| 245 |
_aSignals and linear systems _cRobert A. Gabel |
||
| 250 | _a3rd ed. | ||
| 260 | _cc 1995 | ||
| 650 |
_97558 _aLinear systems _xME |
||
| 942 |
_2ddc _cBK |
||
| 999 |
_c65534 _d65534 |
||